Statistics for Musical Icons of the 70's

Click here to take the quiz!

General Stats

  • This quiz has been taken 339 times
  • The average score is 11 of 15

Answer Stats

Answer% Correct
David Bowie
94%
ABBA
92%
Elton John
91%
Jackson 5
90%
Bee Gees
85%
Bob Marley
84%
Queen
81%
Mick Jagger
76%
Bob Dylan
71%
Marvin Gaye
71%
Diana Ross
69%
Stevie Nicks
55%
Robert Plant
53%
Barry White
47%
Joni Mitchell
45%

Score Distribution

Percentile by Number Answered

Percent of People with Each Score

Your Score History

You have not taken this quiz